[Event "CZE-ch Amateurs"]
[Site "Hluk"]
[Date "2025.05.10"]
[Round "8"]
[White "Cagasik, Tomas"]
[Black "Belan, Jozef"]
[Result "1-0"]
[WhiteElo "2195"]
[BlackElo "1986"]
[PlyCount "81"]
[EventDate "2025.05.06"]
[EventType "swiss"]
[EventRounds "9"]
[EventCountry "CZE"]
[SourceTitle "CB20_2025"]
[SourceDate "2025.05.14"]
[SourceVersion "1"]
[SourceVersionDate "2025.05.14"]
[SourceQuality "1"]

1. Nf3 Nf6 2. c4 g6 3. b3 Bg7 4. Bb2 0-0 5. g3 c6 6. d3 b6 7. Bg2 Bb7 8. 0-0 d6 9. Nc3 Nbd7 10. Qc2 Rc8 11. Rac1 Qc7 12. Qb1 Qb8 13. Qa1 Bh6 14. Rcd1 a6 15. e3 b5 16. Rfe1 Ba8 17. h3 Rfe8 18. g4 c5 19. e4 Bg7 20. Nd5 e5 21. Ne3 Nf8 22. Bf1 b4 23. Be2 Ne6 24. Nxe5 Nxe4 25. dxe4 dxe5 26. Nd5 Ng5 27. h4 Nxe4 28. Bf3 Bxd5 29. Rxd5 Nc3 30. Bxc3 bxc3 31. Be4 f5 32. gxf5 gxf5 33. Bxf5 e4 34. Bxc8 Qxc8 35. Rg5 Kh8 36. Rxg7 Kxg7 37. Qxc3+ Kf7 38. Rxe4 Rg8+ 39. Kf1 Rg6 40. Qe5 Kf8 41. Qh8+ 1-0

[Event "CZE-ch Amateurs Blitz"]
[Site "Hluk"]
[Date "2025.05.09"]
[Round "10"]
[White "Cagasik, Tomas"]
[Black "Fainman, Tomer"]
[Result "1-0"]
[WhiteElo "2198"]
[BlackElo "1921"]
[PlyCount "71"]
[EventDate "2025.05.09"]
[EventType "swiss (blitz)"]
[EventRounds "13"]
[EventCountry "CZE"]
[SourceTitle "CB20_2025"]
[SourceDate "2025.05.14"]
[SourceVersion "1"]
[SourceVersionDate "2025.05.14"]
[SourceQuality "1"]

1. f4 d5 2. Nf3 c5 3. e3 Nc6 4. d4 cxd4 5. exd4 Bg4 6. c3 Nf6 7. Be2 e6 8. 0-0 Bxf3 9. Bxf3 Bd6 10. Be3 Qc7 11. g3 Ne4 12. Nd2 f5 13. Rc1 Qb6 14. Qb3 Na5 15. Qxb6 axb6 16. b3 Nc6 17. a4 Na5 18. Bxe4 fxe4 19. f5 Ke7 20. Bg5+ Kd7 21. f6 gxf6 22. Bxf6 Rhf8 23. Bg7 Rxf1+ 24. Rxf1 Rg8 25. Bh6 Rg6 26. Rf7+ Kc6 27. b4 b5 28. axb5+ Kxb5 29. bxa5 e3 30. Bxe3 Kxa5 31. Rxb7 h5 32. Nf3 Rg4 33. Kf2 Ka6 34. Rb1 Ka5 35. Ng5 e5 36. h3 1-0

[Event "CZE-ch Amateurs Blitz"]
[Site "Hluk"]
[Date "2025.05.09"]
[Round "6"]
[White "Cagasik, Tomas"]
[Black "Hajek, Oskar"]
[Result "1/2-1/2"]
[WhiteElo "2198"]
[BlackElo "2130"]
[PlyCount "119"]
[EventDate "2025.05.09"]
[EventType "swiss (blitz)"]
[EventRounds "13"]
[EventCountry "CZE"]
[SourceTitle "CB20_2025"]
[SourceDate "2025.05.14"]
[SourceVersion "1"]
[SourceVersionDate "2025.05.14"]
[SourceQuality "1"]

1. f4 e5 2. e4 exf4 3. Nf3 Nf6 4. e5 Nh5 5. d4 d6 6. Be2 Nc6 7. 0-0 dxe5 8. d5 e4 9. dxc6 Bc5+ 10. Kh1 Qe7 11. Nd4 Nf6 12. Bxf4 0-0 13. Bg5 Qe5 14. Bxf6 gxf6 15. c3 Bd6 16. g3 bxc6 17. Nd2 c5 18. Nc4 Qd5 19. Nf5 Qe6 20. Ncxd6 cxd6 21. Qxd6 Bb7 22. Qxe6 fxe6 23. Nd6 Bc6 24. Rad1 Rad8 25. Nc4 Kg7 26. Rxd8 Rxd8 27. Rd1 Rb8 28. b3 Bd5 29. Ne3 Bc6 30. Rd6 Ba8 31. Rxe6 Rd8 32. Ra6 Rd2 33. Rxa7+ Kg6 34. Rxa8 Rxe2 35. Ng2 Rd2 36. Kg1 f5 37. Ra6+ Kg5 38. Kf1 Kg4 39. Nh4 Rxh2 40. Rf6 Kxg3 41. Nxf5+ Kf3 42. Nd4+ Ke3 43. Nf5+ Kf3 44. Ne7+ Ke3 45. Nd5+ Kd3 46. a4 Rb2 47. b4 e3 48. Nxe3 Kxe3 49. bxc5 h5 50. c6 Rb8 51. c7 Rc8 52. Rf7 Ke4 53. a5 Kd5 54. a6 Kc6 55. Kf2 Rxc7 56. Rf6+ Kb5 57. Rh6 Rxc3 58. a7 Ra3 59. Rxh5+ Kb6 60. Rh6+ 1/2-1/2

[Event "CZE-ch Amateurs Blitz"]
[Site "Hluk"]
[Date "2025.05.09"]
[Round "8"]
[White "Cagasik, Tomas"]
[Black "Seidl, Jan1"]
[Result "0-1"]
[WhiteElo "2198"]
[BlackElo "2043"]
[PlyCount "38"]
[EventDate "2025.05.09"]
[EventType "swiss (blitz)"]
[EventRounds "13"]
[EventCountry "CZE"]
[SourceTitle "CB20_2025"]
[SourceDate "2025.05.14"]
[SourceVersion "1"]
[SourceVersionDate "2025.05.14"]
[SourceQuality "1"]

1. f4 d5 2. Nf3 Nf6 3. d4 c5 4. e3 g6 5. c3 Bg7 6. Bd3 0-0 7. Nbd2 b6 8. Ne5 Ba6 9. Bxa6 Nxa6 10. Qf3 Nc7 11. 0-0 Nce8 12. g4 Nd6 13. h4 Nfe4 14. g5 Qc7 15. Kg2 cxd4 16. cxd4 Qc2 17. Qd1 Nf5 18. Kh3 Qxd1 19. Rxd1 Nf2+ 0-1

[Event "CZE-ch Amateurs Blitz"]
[Site "Hluk"]
[Date "2025.05.09"]
[Round "5"]
[White "Horvath, Tomas"]
[Black "Cagasik, Tomas"]
[Result "1/2-1/2"]
[WhiteElo "1980"]
[BlackElo "2198"]
[PlyCount "120"]
[EventDate "2025.05.09"]
[EventType "swiss (blitz)"]
[EventRounds "13"]
[EventCountry "CZE"]
[SourceTitle "CB20_2025"]
[SourceDate "2025.05.14"]
[SourceVersion "1"]
[SourceVersionDate "2025.05.14"]
[SourceQuality "1"]

1. e4 d5 2. exd5 Qxd5 3. Nc3 Qa5 4. Bc4 Nf6 5. Nge2 c6 6. 0-0 Bf5 7. d3 e6 8. Ng3 Bg6 9. Bd2 Qc7 10. Re1 Bd6 11. a4 a5 12. Qe2 0-0 13. Nce4 Nxe4 14. dxe4 Bf4 15. Bc3 Na6 16. Rad1 Nb4 17. Bb3 Be5 18. Bxe5 Qxe5 19. c3 Na6 20. Qe3 Qc5 21. Bc2 Qxe3 22. Rxe3 Nc5 23. f4 h6 24. f5 Bh7 25. e5 exf5 26. Bxf5 Nxa4 27. Rd7 Nxb2 28. Rxb7 Nc4 29. Re4 Na3 30. Bxh7+ Kxh7 31. e6 fxe6 32. Rxe6 Rad8 33. h3 Rd3 34. Ne4 Kh8 35. Ree7 Rg8 36. Nf6 Rf8 37. Nh5 Rd1+ 38. Kh2 Rg8 39. Nxg7 Rd2 40. Re8 Rd8 41. Rxd8 Rxd8 42. Nf5 Rd3 43. Nxh6 Rxc3 44. Nf7+ Kg8 45. Ne5 Nb5 46. Nxc6 Nd6 47. Rb8+ Kg7 48. Nxa5 Ra3 49. Nc6 Ra2 50. Rd8 Nf5 51. Rd7+ Kf8 52. Kg1 Nh4 53. g4 Nf3+ 54. Kf1 Nh2+ 55. Ke1 Nf3+ 56. Kd1 Rh2 57. Rh7 Ng5 58. Rh5 Nxh3 59. Ne5 Nf2+ 60. Ke1 Nxg4 1/2-1/2

[Event "CZE-ch Amateurs Blitz"]
[Site "Hluk"]
[Date "2025.05.09"]
[Round "12"]
[White "Palka, Dominika"]
[Black "Cagasik, Tomas"]
[Result "0-1"]
[WhiteElo "1790"]
[BlackElo "2198"]
[PlyCount "60"]
[EventDate "2025.05.09"]
[EventType "swiss (blitz)"]
[EventRounds "13"]
[EventCountry "CZE"]
[SourceTitle "CB20_2025"]
[SourceDate "2025.05.14"]
[SourceVersion "1"]
[SourceVersionDate "2025.05.14"]
[SourceQuality "1"]

1. d4 d5 2. Nc3 Nf6 3. Bf4 Bf5 4. f3 e6 5. g4 Bg6 6. h4 h5 7. g5 Nfd7 8. e3 a6 9. Bd3 Bxd3 10. Qxd3 g6 11. 0-0-0 c5 12. dxc5 Bxc5 13. Nge2 Nc6 14. e4 d4 15. Na4 e5 16. Nxc5 Nxc5 17. Qa3 Qe7 18. Bg3 0-0 19. f4 Nxe4 20. Qxe7 Nxe7 21. fxe5 Nf5 22. Bf4 Nf2 23. Rhf1 Nxd1 24. Rxd1 Rad8 25. Kd2 Nxh4 26. Kd3 Rfe8 27. Ke4 Nf5 28. Ng3 Nd6+ 29. Kf3 Nc4 30. b3 Nxe5+ 0-1

[Event "CZE-ch Amateurs"]
[Site "Hluk"]
[Date "2025.05.08"]
[Round "5"]
[White "Slaby, Matej"]
[Black "Cagasik, Tomas"]
[Result "1-0"]
[WhiteElo "2009"]
[BlackElo "2195"]
[PlyCount "113"]
[EventDate "2025.05.06"]
[EventType "swiss"]
[EventRounds "9"]
[EventCountry "CZE"]
[SourceTitle "CB20_2025"]
[SourceDate "2025.05.14"]
[SourceVersion "1"]
[SourceVersionDate "2025.05.14"]
[SourceQuality "1"]

1. d4 Nf6 2. Nf3 d5 3. e3 c6 4. c4 Bf5 5. Nc3 e6 6. Nh4 Bg4 7. Qb3 Qb6 8. h3 Bh5 9. g4 Bg6 10. Nxg6 hxg6 11. Bg2 Nbd7 12. Bd2 Qxb3 13. axb3 dxc4 14. bxc4 Nb6 15. c5 Nbd5 16. Ne2 Be7 17. b4 Nc7 18. e4 Nb5 19. 0-0 0-0-0 20. Be3 Ne8 21. g5 f6 22. gxf6 Nxf6 23. Nf4 Nxd4 24. Nxg6 Rhe8 25. Rxa7 e5 26. Nxe7+ Rxe7 27. Ra8+ Kc7 28. Rxd8 Ne2+ 29. Kh1 Kxd8 30. Rd1+ Ke8 31. f3 Nh5 32. Kh2 Re6 33. Bg5 Nf6 34. h4 Re7 35. Bh3 Nd4 36. Kg2 Kf7 37. Kf2 Re8 38. Ra1 Nb5 39. Bf1 Nc7 40. Ra7 Rb8 41. Bc4+ Ke8 42. Bxf6 gxf6 43. h5 Kd7 44. Kg3 Ne6 45. Bxe6+ Kxe6 46. Kh4 f5 47. h6 fxe4 48. fxe4 Kf6 49. Kh5 b6 50. Rc7 bxc5 51. Rxc6+ Kf7 52. bxc5 Rb4 53. h7 Kg7 54. Rc7+ Kh8 55. Re7 Rxe4 56. c6 Rc4 57. c7 1-0

[Event "CZE-ch Amateurs"]
[Site "Hluk"]
[Date "2025.05.06"]
[Round "1"]
[White "Levchenko, Alisa"]
[Black "Cagasik, Tomas"]
[Result "0-1"]
[WhiteElo "1759"]
[BlackElo "2195"]
[PlyCount "96"]
[EventDate "2025.05.06"]
[EventType "swiss"]
[EventRounds "9"]
[EventCountry "CZE"]
[SourceTitle "CB20_2025"]
[SourceDate "2025.05.14"]
[SourceVersion "1"]
[SourceVersionDate "2025.05.14"]
[SourceQuality "1"]

1. d4 Nf6 2. Nf3 d6 3. g3 g6 4. Bg2 Bg7 5. 0-0 0-0 6. c3 Nbd7 7. Re1 e5 8. dxe5 dxe5 9. Bg5 h6 10. Bxf6 Qxf6 11. Qc2 Nc5 12. Nbd2 Rd8 13. Rad1 Bf5 14. e4 Bg4 15. h3 Be6 16. b3 Rd6 17. Nh2 Rad8 18. Ndf1 Nd3 19. Re3 Nb4 20. cxb4 Rxd1 21. Qxc7 R1d7 22. Qc2 Qe7 23. a3 a5 24. bxa5 Qxa3 25. Qc3 Ra8 26. b4 Qxc3 27. Rxc3 Rd4 28. Rc5 Rxb4 29. Nd2 Bf8 30. Rc1 Rxa5 31. Nhf3 Rb2 32. Nc4 Bxc4 33. Rxc4 Bc5 34. h4 Rxf2 35. Rxc5 Rxg2+ 36. Kxg2 Rxc5 37. Kf2 b5 38. Nd2 Rc2 39. Ke1 Rxd2 40. Kxd2 f5 41. Kd3 f4 42. gxf4 exf4 43. e5 Kf8 44. Ke4 b4 45. Kxf4 b3 46. e6 b2 47. Ke5 b1Q 48. Kf6 Qf5# 0-1

[Event "CZE-chT1E 2425"]
[Site "Czech Republic"]
[Date "2025.01.19"]
[Round "6.4"]
[White "Chytilek, Roman"]
[Black "Cagasik, Tomas"]
[Result "1/2-1/2"]
[WhiteElo "2301"]
[BlackElo "2157"]
[PlyCount "43"]
[EventDate "2024.10.20"]
[EventType "team-tourn"]
[EventRounds "11"]
[EventCountry "CZE"]
[SourceTitle "CB16_2025"]
[SourceDate "2025.04.16"]
[SourceVersion "1"]
[SourceVersionDate "2025.04.16"]
[SourceQuality "1"]
[WhiteTeam "Brno Duras"]
[BlackTeam "Stare Mesto"]
[WhiteTeamCountry "CZE"]
[BlackTeamCountry "CZE"]

1. d4 d6 2. g3 Nf6 3. Bg2 c6 4. Nf3 h6 5. b3 Bf5 6. Bb2 e6 7. Nbd2 Be7 8. h3 Nbd7 9. e3 Qc7 10. Rc1 d5 11. Ne5 Nxe5 12. dxe5 Nd7 13. 0-0 0-0 14. f4 Bb4 15. g4 Bh7 16. Nf3 Be4 17. Nd4 Bxg2 18. Kxg2 Bc5 19. Qf3 Bxd4 20. Bxd4 f6 21. exf6 Nxf6 22. Bxf6 1/2-1/2

[Event "Zlin Region-chT 2324"]
[Site "Czech Republic"]
[Date "2023.10.22"]
[Round "1.1"]
[White "Bolacky, Jiri"]
[Black "Cagasik, Tomas"]
[Result "1-0"]
[WhiteElo "2159"]
[BlackElo "2145"]
[PlyCount "79"]
[EventDate "2023.10.22"]
[EventType "team-tourn"]
[EventRounds "11"]
[EventCountry "CZE"]
[SourceTitle "EXT 2025"]
[Source "ChessBase"]
[SourceDate "2024.10.14"]
[SourceVersion "1"]
[SourceVersionDate "2024.10.14"]
[SourceQuality "1"]
[WhiteTeam "Francova Lhota Sokol"]
[BlackTeam "Kromeriz Slavia III"]
[WhiteTeamCountry "CZE"]
[BlackTeamCountry "CZE"]

1. e4 g6 2. d4 Bg7 3. Nc3 d6 4. Be3 c6 5. Qd2 Nf6 6. Bh6 0-0 7. 0-0-0 b5 8. e5 b4 9. exf6 bxc3 10. bxc3 exf6 11. c4 Re8 12. Bxg7 Kxg7 13. Ne2 Nd7 14. h4 Rb8 15. h5 g5 16. Ng3 Nf8 17. Qc3 d5 18. c5 h6 19. Bd3 Qc7 20. Qd2 Kh8 21. Rhe1 Bg4 22. Rxe8 Rxe8 23. Re1 Rxe1+ 24. Qxe1 Be6 25. Kb2 Qf4 26. Qe3 Qh4 27. c3 Qh2 28. Qf3 Kg7 29. Ba6 g4 30. Qf4 Qxg2 31. Bb7 Bd7 32. Bxc6 Bxc6 33. Nf5+ Kg8 34. Nxh6+ Kh7 35. Nf5 Kg8 36. Nh6+ Kh7 37. Nf5 Kg8 38. Ne7+ Kg7 39. h6+ Kh7 40. Qxf6 1-0

[Event "Zlin Region-chT 2223"]
[Site "Czech Republic"]
[Date "2023.04.02"]
[Round "11.1"]
[White "Richvalsky, Patrik"]
[Black "Cagasik, Tomas"]
[Result "1/2-1/2"]
[WhiteElo "2035"]
[BlackElo "2082"]
[PlyCount "94"]
[EventDate "2022.10.09"]
[EventType "team-tourn"]
[EventRounds "11"]
[EventCountry "CZE"]
[SourceTitle "EXT 2024"]
[Source "ChessBase"]
[SourceDate "2023.10.10"]
[SourceVersion "1"]
[SourceVersionDate "2023.10.10"]
[SourceQuality "1"]
[WhiteTeam "Zlin Malenovice"]
[BlackTeam "Kromeriz Slavia III"]
[WhiteTeamCountry "CZE"]
[BlackTeamCountry "CZE"]

1. d4 g6 2. c4 Bg7 3. Nc3 Nf6 4. e4 d6 5. Nf3 0-0 6. Be2 Bg4 7. 0-0 e5 8. Be3 exd4 9. Nxd4 Bxe2 10. Qxe2 Re8 11. f3 Nc6 12. Rad1 Nd7 13. Qd2 Nf8 14. Nde2 Ne6 15. g3 Ne5 16. b3 a5 17. Qd5 Qc8 18. Kg2 Nc6 19. Qd2 Nc5 20. Nd5 Nb4 21. Nec3 Nxd5 22. Nxd5 Nd7 23. Bg5 Kf8 24. Qf4 a4 25. b4 Re5 26. Qh4 c6 27. Nf6 Nxf6 28. Bxf6 Rh5 29. Bxg7+ Kxg7 30. Qg4 Qxg4 31. fxg4 Re5 32. Rxd6 Rxe4 33. Rd7 Rf8 34. Rf4 Re2+ 35. Rf2 Re4 36. Rf4 Re2+ 37. Kh3 b5 38. cxb5 cxb5 39. a3 Re3 40. Rb7 Rxa3 41. Rxb5 Ra2 42. Ra5 a3 43. Rf3 Rb2 44. Raxa3 Rxb4 45. Rab3 Rfb8 46. Rxb4 Rxb4 47. Rf4 Rb2 1/2-1/2

[Event "CZE-chT2E 2223"]
[Site "Czech Republic"]
[Date "2023.03.26"]
[Round "11.4"]
[White "Molnar, Jiri"]
[Black "Cagasik, Tomas"]
[Result "0-1"]
[WhiteElo "1844"]
[BlackElo "2082"]
[PlyCount "120"]
[EventDate "2022.10.16"]
[EventType "team-tourn"]
[EventRounds "11"]
[EventCountry "CZE"]
[SourceTitle "EXT 2024"]
[Source "ChessBase"]
[SourceDate "2023.10.10"]
[SourceVersion "1"]
[SourceVersionDate "2023.10.10"]
[SourceQuality "1"]
[WhiteTeam "Olomouc"]
[BlackTeam "Kromeriz Slavia II"]
[WhiteTeamCountry "CZE"]
[BlackTeamCountry "CZE"]

1. e4 g6 2. f4 Bg7 3. Nf3 c5 4. Nc3 d6 5. Bb5+ Bd7 6. Bxd7+ Qxd7 7. 0-0 Nc6 8. d3 e6 9. Be3 Nge7 10. Qe1 b5 11. Nxb5 Nb4 12. c4 Nc2 13. Qd2 Nxa1 14. Rxa1 a6 15. Nc3 0-0 16. b3 d5 17. Bxc5 dxe4 18. Ne5 Qc7 19. d4 f6 20. Ng4 h5 21. Nf2 f5 22. Rd1 Rfd8 23. Na4 Rab8 24. Qe3 Nc8 25. Nh3 Bf6 26. Ba3 Qg7 27. Bb2 Nb6 28. Nc5 Qe7 29. Bc3 Ra8 30. Ba5 Qxc5 31. dxc5 Rxd1+ 32. Kf2 Nxc4 33. Qg3 Kg7 34. bxc4 Rd3 35. Qxd3 exd3 36. Ke3 Rc8 37. Bb6 d2 38. Kxd2 Bd4 39. Ng5 Kf6 40. Kd3 Bxc5 41. Ba5 e5 42. Bc3 Rd8+ 43. Kc2 Bd4 44. Nh7+ Ke7 45. Ng5 Re8 46. Bxd4 exd4 47. Kd3 Kf6 48. Kxd4 Re2 49. c5 Rxa2 50. c6 Rc2 51. Kd5 a5 52. Kd6 Rd2+ 53. Kc5 Rxg2 54. Nf3 Ke7 55. Nd4 Rxh2 56. Kb6 Rb2+ 57. Kc7 h4 58. Kc8 Rb4 59. Nf3 h3 60. c7 Rxf4 0-1

[Event "Zlin Region-chT 2223"]
[Site "Czech Republic"]
[Date "2022.11.27"]
[Round "4.2"]
[White "Cagasik, Tomas"]
[Black "Kubin, Petr"]
[Result "1-0"]
[WhiteElo "2082"]
[BlackElo "1976"]
[PlyCount "77"]
[EventDate "2022.10.09"]
[EventType "team-tourn"]
[EventRounds "11"]
[EventCountry "CZE"]
[SourceTitle "EXT 2024"]
[Source "ChessBase"]
[SourceDate "2023.10.10"]
[SourceVersion "1"]
[SourceVersionDate "2023.10.10"]
[SourceQuality "1"]
[WhiteTeam "Kromeriz Slavia III"]
[BlackTeam "Valasska Bystrice Sokol"]
[WhiteTeamCountry "CZE"]
[BlackTeamCountry "CZE"]

1. f4 d5 2. Nf3 Nf6 3. b3 g6 4. Bb2 Bg7 5. c4 e6 6. g3 0-0 7. Bg2 c5 8. 0-0 Nc6 9. Ne5 Nxe5 10. Bxe5 Nd7 11. Bxg7 Kxg7 12. cxd5 exd5 13. Nc3 Nf6 14. d4 Qe7 15. Qd2 Be6 16. Na4 b6 17. Rac1 Rac8 18. h3 h5 19. Qe3 cxd4 20. Qxd4 Kg8 21. Rc3 Ne4 22. Bxe4 dxe4 23. h4 Bg4 24. Rxc8 Rxc8 25. Nc3 Rd8 26. Qe3 Bf5 27. Rd1 Rxd1+ 28. Nxd1 Qd7 29. Nc3 Kf8 30. Kf2 Qe6 31. Qd4 Qc6 32. Nd5 Qc5 33. Qxc5+ bxc5 34. Ke3 Bg4 35. Nf6 Be6 36. Nxe4 c4 37. b4 Ke7 38. Kd4 Kd7 39. Nc5+ 1-0

[Event "CZE-chT2E 2223"]
[Site "Czech Republic"]
[Date "2022.11.20"]
[Round "3.5"]
[White "Wunsch, Radek"]
[Black "Cagasik, Tomas"]
[Result "1/2-1/2"]
[WhiteElo "1986"]
[BlackElo "2082"]
[PlyCount "102"]
[EventDate "2022.10.16"]
[EventType "team-tourn"]
[EventRounds "11"]
[EventCountry "CZE"]
[SourceTitle "EXT 2024"]
[Source "ChessBase"]
[SourceDate "2023.10.10"]
[SourceVersion "1"]
[SourceVersionDate "2023.10.10"]
[SourceQuality "1"]
[WhiteTeam "Brno Lokomotiva"]
[BlackTeam "Kromeriz Slavia II"]
[WhiteTeamCountry "CZE"]
[BlackTeamCountry "CZE"]

1. e4 c6 2. d4 d5 3. e5 c5 4. dxc5 Nc6 5. Nf3 Bg4 6. c3 e6 7. Be3 Bxf3 8. Qxf3 Nxe5 9. Bb5+ Nc6 10. c4 Qf6 11. cxd5 Qxf3 12. gxf3 exd5 13. Nc3 0-0-0 14. 0-0-0 Nge7 15. Bg5 f6 16. Bf4 Ng6 17. Be3 Nge7 18. Bf4 Ng6 19. Be3 d4 20. Bxc6 Bxc5 21. Na4 bxc6 22. Nxc5 dxe3 23. fxe3 Nh4 24. Rhg1 g6 25. f4 Nf5 26. e4 Nd4 27. Rg2 Rd6 28. Rgd2 Rhd8 29. Kb1 f5 30. exf5 gxf5 31. Ne6 Rxe6 32. Rxd4 Rxd4 33. Rxd4 Re1+ 34. Kc2 Rh1 35. Rd2 Kc7 36. Kd3 Re1 37. Rg2 Re4 38. Rg7+ Kb6 39. Rxh7 Rxf4 40. Ke3 Rf1 41. Rf7 a5 42. h4 Rh1 43. Rxf5 Rxh4 44. Kd3 Ra4 45. a3 Rh4 46. Kc3 Rh3+ 47. Kc2 Rg3 48. Rf4 Kb5 49. a4+ Kc5 50. Rf5+ Kb6 51. Rf4 Rg2+ 1/2-1/2

[Event "Valasska Bystrice op 13th"]
[Site "Valasska Bystrice"]
[Date "2022.09.14"]
[Round "6"]
[White "Vlachopulos, Georgis"]
[Black "Cagasik, Tomas"]
[Result "1-0"]
[WhiteElo "1886"]
[BlackElo "2113"]
[PlyCount "113"]
[EventDate "2022.09.10"]
[EventType "swiss"]
[EventRounds "9"]
[EventCountry "CZE"]
[SourceTitle "CBM 210 Extra"]
[Source "ChessBase"]
[SourceDate "2022.11.30"]
[SourceVersion "1"]
[SourceVersionDate "2022.11.30"]
[SourceQuality "1"]

1. e4 b6 2. c4 Bb7 3. Nc3 e6 4. a3 c5 5. g3 Nc6 6. Bg2 Nd4 7. f4 Ne7 8. d3 g6 9. Nh3 a6 10. 0-0 Qc7 11. Rb1 b5 12. b3 Bg7 13. Bb2 0-0 14. Ne2 Nxe2+ 15. Qxe2 Bxb2 16. Qxb2 f5 17. Nf2 bxc4 18. bxc4 Bc6 19. Qc3 Rab8 20. Rxb8 Rxb8 21. Qf6 Re8 22. Rb1 Qd8 23. Qb2 Qa5 24. h4 Rf8 25. Bf3 Qc7 26. Kg2 h5 27. Nh3 Qd6 28. Qc3 Ba8 29. Ng5 Nc6 30. Rb6 a5 31. Qxa5 Nxa5 32. Rxd6 Bc6 33. exf5 Nb7 34. Rxc6 dxc6 35. fxe6 Rc8 36. g4 hxg4 37. Bxg4 Rc7 38. Ne4 Kf8 39. h5 gxh5 40. Bxh5 Ke7 41. f5 Nd6 42. Bg4 Ne8 43. Kg3 Ra7 44. Kf4 Rxa3 45. Nxc5 Ra1 46. Ne4 Nf6 47. Bf3 Rf1 48. d4 Nxe4 49. Kxe4 Kf6 50. Ke3 Re1+ 51. Be2 c5 52. dxc5 Ra1 53. Kd4 Ra8 54. c6 Kxf5 55. Bf3 Kf6 56. Kc5 Ke7 57. c7 1-0

[Event "Olomouc op 23rd"]
[Site "Olomouc"]
[Date "2022.08.13"]
[Round "1"]
[White "Ali, Farhad Ali"]
[Black "Cagasik, Tomas"]
[Result "1/2-1/2"]
[WhiteElo "1716"]
[BlackElo "2143"]
[PlyCount "72"]
[EventDate "2022.08.13"]
[EventType "swiss"]
[EventRounds "9"]
[EventCountry "CZE"]
[SourceTitle "CBM 209 Extra"]
[Source "ChessBase"]
[SourceDate "2022.09.30"]
[SourceVersion "1"]
[SourceVersionDate "2022.09.30"]
[SourceQuality "1"]

1. d4 Nf6 2. Nf3 d5 3. Bf4 c6 4. e3 Bf5 5. Bd3 Bxd3 6. Qxd3 e6 7. 0-0 Bd6 8. Bg3 Ne4 9. c4 Bxg3 10. hxg3 Nd7 11. Nc3 f5 12. cxd5 exd5 13. Ne5 Qe7 14. Nxd7 Qxd7 15. Nxe4 fxe4 16. Qc2 0-0 17. f3 Rae8 18. f4 Qg4 19. Kf2 Rf5 20. Qe2 Qxe2+ 21. Kxe2 Rf6 22. Kf2 a5 23. g4 Ra8 24. g5 Rf7 25. a4 Ra6 26. g4 Rb6 27. Ra2 Rf8 28. Rc1 Ra8 29. Ke2 Raa6 30. Kd2 Rb4 31. Rc5 Rab6 32. Rxa5 Rxb2+ 33. Rxb2 Rxb2+ 34. Ke1 Rb1+ 35. Kf2 Rb2+ 36. Ke1 Rb1+ 1/2-1/2

[Event "CZE-chT2E 2122"]
[Site "Czech Republic"]
[Date "2022.04.03"]
[Round "11.2"]
[White "Cagasik, Tomas"]
[Black "Tajovsky, Martin"]
[Result "1/2-1/2"]
[WhiteElo "2138"]
[BlackElo "2232"]
[PlyCount "118"]
[EventDate "2021.10.17"]
[EventType "team-tourn"]
[EventRounds "11"]
[EventCountry "CZE"]
[SourceTitle "EXT 2024"]
[Source "ChessBase"]
[SourceDate "2023.10.10"]
[SourceVersion "1"]
[SourceVersionDate "2023.10.10"]
[SourceQuality "1"]
[WhiteTeam "Kromeriz Slavia II"]
[BlackTeam "Kurim"]
[WhiteTeamCountry "CZE"]
[BlackTeamCountry "CZE"]

1. d4 Nf6 2. Nc3 d5 3. Bg5 e6 4. e4 dxe4 5. Nxe4 Be7 6. Nxf6+ Bxf6 7. Bxf6 Qxf6 8. Nf3 0-0 9. Bd3 c5 10. Qe2 cxd4 11. Qe4 g6 12. 0-0-0 Nc6 13. Bb5 Bd7 14. Bxc6 Bxc6 15. Qxd4 Qxd4 16. Rxd4 Rfd8 17. Rhd1 Rxd4 18. Rxd4 Kf8 19. Ne5 Ke7 20. Nxc6+ bxc6 21. Ra4 Kd6 22. Kd2 e5 23. Ke3 f6 24. g4 Rb8 25. b4 Rb7 26. c3 h5 27. h3 hxg4 28. hxg4 f5 29. g5 Rh7 30. f3 f4+ 31. Kf2 Rh2+ 32. Kf1 Rh3 33. Kf2 Rh2+ 34. Kf1 Rc2 35. Rxa7 Rxc3 36. Kf2 Ke6 37. Rc7 Rc2+ 38. Kf1 Rxa2 39. Rxc6+ Kf5 40. Rc5 Ra3 41. Kf2 Rb3 42. b5 Re3 43. Rd5 Kxg5 44. b6 Rb3 45. Rxe5+ Kh4 46. Re6 Rb2+ 47. Re2 Rxb6 48. Kg2 Rb5 49. Ra2 Rg5+ 50. Kf2 Kh3 51. Ra6 Rg2+ 52. Kf1 g5 53. Rg6 g4 54. Rxg4 Rxg4 55. fxg4 Kxg4 56. Kf2 f3 57. Kf1 Kg3 58. Kg1 f2+ 59. Kf1 Kf3 1/2-1/2

[Event "CZE-chT2E 2122"]
[Site "Czech Republic"]
[Date "2022.03.20"]
[Round "10.2"]
[White "Jacko, Vladimir1"]
[Black "Cagasik, Tomas"]
[Result "1-0"]
[WhiteElo "2319"]
[BlackElo "2138"]
[PlyCount "83"]
[EventDate "2021.10.17"]
[EventType "team-tourn"]
[EventRounds "11"]
[EventCountry "CZE"]
[SourceTitle "EXT 2024"]
[Source "ChessBase"]
[SourceDate "2023.10.10"]
[SourceVersion "1"]
[SourceVersionDate "2023.10.10"]
[SourceQuality "1"]
[WhiteTeam "Orechov Orel"]
[BlackTeam "Kromeriz Slavia II"]
[WhiteTeamCountry "CZE"]
[BlackTeamCountry "CZE"]

1. d4 d5 2. c4 c6 3. Nc3 Nf6 4. e3 e6 5. Nf3 Nbd7 6. Be2 dxc4 7. a4 Bb4 8. Nd2 Nd5 9. Qc2 Qg5 10. 0-0 Qg6 11. e4 e5 12. Nxc4 exd4 13. Na2 Be7 14. Bd3 N5b6 15. f4 Nxc4 16. Bxc4 0-0 17. Bd3 f5 18. exf5 Qd6 19. Bd2 Nf6 20. Rae1 Bd7 21. Re5 b6 22. Nb4 Rae8 23. Bc4+ Kh8 24. Nd3 Ng4 25. h3 Ne3 26. Bxe3 dxe3 27. Rd1 Qc7 28. g4 Bf6 29. Qc3 c5 30. Re1 Bxe5 31. Nxe5 Qd6 32. Rxe3 Qd1+ 33. Re1 Qd4+ 34. Qxd4 cxd4 35. b3 Re7 36. Ng6+ hxg6 37. Rxe7 Rd8 38. fxg6 Be8 39. f5 d3 40. Bxd3 Kg8 41. Bc4+ Kf8 42. Rxa7 1-0